LEADER 01065nam0 2200289 450 001 000027328 005 20100416142051.0 010 $a978-88-430-5319-3 100 $a20100416d2009----km-y0itay50------ba 101 0 $aita 102 $aIT 105 $aa-------001yy 200 1 $a<>reti di Diotima$esocietà della conoscenza ed economia della bellezza$fPaolo Zanenga 210 $aRoma$cCarocci$dc2009 215 $a282 p. [2] carte di tav.$cill.$d22 cm 225 2 $aBiblioteca di testi e studi$iEconomia$v536 410 0$12001$aBiblioteca di testi e studi. Economia 500 10$a<>reti di Diotima : società della conoscenza ed economia della bellezza$942753 610 1 $aImprese$aTeorie 610 1 $aSapere$aAspetti economici 676 $a338.001$v21$9Produzione. Teoria 700 1$aZanenga,$bPaolo$0593566 801 0$aIT$bUNIPARTHENOPE$c20100416$gRICA$2UNIMARC 912 $a000027328 951 $a338-R/20$b42088$cNAVA1$d2010 996 $aReti di Diotima : società della conoscenza ed economia della bellezza$942753 997 $aUNIPARTHENOPE LEADER 01778nas 2200493- 450 001 9910626178803321 005 20200118054915.5 011 $a2377-5270 035 $a(OCoLC)870325692 035 $a(CKB)2660000000034379 035 $a(CONSER)--2015204021 035 $a(EXLCZ)992660000000034379 100 $a20140212a20139999 s-- a 101 0 $aeng 135 $aur||||||||||| 181 $ctxt$2rdacontent 182 $cc$2rdamedia 183 $acr$2rdacarrier 200 10$a... IEEE point-of-care healthcare technologies 210 1$aPiscataway, NJ :$cIEEE,$d[2013]- 311 $a2377-5262 517 1 $aPHT ... 517 1 $aIEEE EMBS Special Topic Conference on Point-of-Care (POC) Healthcare Technologies 517 1 $aIEEE EMBS Special Topic Conference on Point-of-Care Healthcare Technologies 517 1 $aIEEE EMBS Special Topic Conference on POC Healthcare Technologies 517 1 $aPoint-of-care healthcare technologies (PHT) ... IEEE 531 0 $aIEEE point-care healthc. technol. 606 $aPoint-of-care testing$vCongresses 606 $aMedical technology$vCongresses 606 $aMedical technology$2fast$3(OCoLC)fst01014742 606 $aPoint-of-care testing$2fast$3(OCoLC)fst01068112 608 $aPeriodicals.$2fast 608 $aConference papers and proceedings.$2fast 615 0$aPoint-of-care testing 615 0$aMedical technology 615 7$aMedical technology. 615 7$aPoint-of-care testing. 676 $a616.07 712 02$aIEEE Engineering in Medicine and Biology Society, 712 02$aInstitute of Electrical and Electronics Engineers. 906 $aCONFERENCE 912 $a9910626178803321 996 $a.. IEEE point-of-care healthcare technologies$92507188 997 $aUNINA